000 00494 a2200169 4500
999 _c5765
_d5765
010 _aENG-87021
020 _a0070635870
_c295.00
035 _aEN-70554
037 _bDBAD / PUB
082 1 4 _a657
100 1 _aTulsian, P. C.
245 1 _aCorporate accounting /
_cby P.C.Tulsian
260 _aNew Delhi
_bTata McGraw-Hill Publishing
_c2007
270 _a7, West Patel Nagar,
_bNew Delhi
_e110 008
300 _avarious paging
_c23 cm (Pbk)
942 _adpl
_cEN
_2ddc
_h657
_mTUL